000 00821nam a22002057a 4500
999 _c3125
_d3125
003 AR-CdUCM
008 190306b ||||| |||| 00| 0 spa d
040 _aMUNICIPALIDAD PROVINCIAL DEL CUSCO
_cBIBLIOTECA MUNICIPAL DEL CUSCO
082 _a869.512 /
_bC18
245 _aOllantay /
260 _aCusco :
_bCentro de Estudios Regionales Andinos Bartolomé de las Casas,
_c1998.
300 _a338 página ;
_c24 cm.
505 _aPrimera parte: Análisis de la obra anónima quechua Ollantay -- Segunda parte: Traducción de Ollantay-Ollanaty: El rigor de un padre y la generosidad de un rey
650 _aLeyenda
_910544
650 _aTradición oral
_92031
650 _aInkas
_91899
700 _aanálisis crítico, reconstrucción y traducción por Julio Calvo Pérez
_910545
942 _2ddc
_cLIBROS
945 _admma